| 000 | 01063cam a2200265 i 4500 | ||
|---|---|---|---|
| 003 | SA-RiAUC | ||
| 005 | 20250503100539.0 | ||
| 008 | 250502s1988 su g b 00000 ara c | ||
| 040 |
_aSA-RiAUC _bara _cSA-RiAUC _erda |
||
| 043 | _aa-su--- | ||
| 082 | 0 | 4 |
_a027.1 _qSA-RiAUC |
| 090 |
_a027.1 _bا ب ن د |
||
| 100 | 1 |
_aابن دهيش، عبد اللطيف بن عبد الله، _d1943- _eمؤلف. |
|
| 245 | 1 | 2 |
_aالمكتبات الخاصة في مكة المكرمة / _cتأليف عبد اللطيف عبد الله بن دهيش. |
| 250 | _aالطبعة الأولى. | ||
| 264 | 1 |
_aمكة المكرمة : _bمكتبة النهضة الحديثة، _c1988 |
|
| 300 |
_a56 صفحة ؛ _c22 سم |
||
| 336 |
_aنص _btxt _2rdacontent _3كتاب |
||
| 337 |
_aبدون وسيط _bn _2rdamedia |
||
| 338 |
_aمجلد _bnc _2rdacarrier |
||
| 500 | _aيشتمل على ارجاعات ببليوجرافية | ||
| 650 | 7 |
_aالمكتبات الخاصة _zمكة المكرمة _2aucsh |
|
| 942 |
_2ddc _cBOOK _n0 |
||
| 949 |
_aSA-JeALM _d250502 _umohamedma123 _n1 |
||
| 999 |
_c7548 _d7548 |
||